000 00772nam a2200265Ia 4500
003 OSt
005 20220925220156.0
006 a|||||r|||| 00| 0
007 ta
008 220923b |||||||| |||| 00| 0 eng d
020 _a0 582 31067 9
037 _cGeneral Book
040 _aRTL
_cRTL
_beng
041 _2eng
_aeng
082 _aU11, L0
100 _aRobinson A H W
_9284304
245 0 _aMap studies
_b With related field excusions
260 _aLondon
_bLongman UK
_c1970
300 _a363p. Bib at the end of each chapter
_ccm.
490 _aGeographies:An intermadiate series
650 _aGeography
700 _a Wallwork K L
_9284305
942 _hU11, L0
_cGB
_2CC
999 _c570725
_d570725